Movies Quiz

Random Movies or Clickable Quiz

Film Villains: Last Words Quiz Stats

 Plays Quiz Updated Jul 28, 2015

Challenge
Share
Tweet
Embed
Score 0/30 Timer 08:00
0 Plays Today
% Correct
The Wicked Witch of the West
94.6%
Darth Vader
86.4%
Sentinel Prime
70.7%
Hans Gruber
70.3%
Tai Lung
64.5%
Pamela Voorhees
63.8%
Megatron
62.7%
Lord Farquaad
57%
Vizzini
56.5%
Green Goblin
48.8%
Jigsaw
48.1%
Colonel Walter E. Kurtz
40.6%
Witch-King of Angmar
40.1%
Ursula
38.2%
Ra's al Ghul
38.1%
% Correct
Professor Ratigan
37%
Scar
36.6%
Davy Jones
36.5%
Aldrich Killian
35.4%
HAL-9000
34.6%
Amon Goeth
34.3%
Smaug
34.1%
Maleficent
33.1%
Bill 'The Butcher' Cutting
32.9%
Calvin Candie
30.4%
Captain Barbossa
29.4%
Hopper
28.9%
Oogie Boogie
27.3%
Roy Batty
26.4%
Dr. Facilier
24.2%

You're not logged in!

Compare scores with friends on all Sporcle quizzes.
OR
Log In

You Might Also Like...

Show Comments

Extras

Top Quizzes Today


Score Distribution

Your Account Isn't Verified!

In order to create a playlist on Sporcle, you need to verify the email address you used during registration. Go to your Sporcle Settings to finish the process.

Report this User

Report this user for behavior that violates our Community Guidelines.

Details: